Czasowniki - j. włoski cz.3 - Statystyki

Ogólne statystyki
  • Ten quiz został rozwiązany 137 razy
  • Średni wynik to 8 z 21
Statystyki odpowiedzi
po polsku po włosku % Poprawnych
preferować preferire
86%
pisać scrivere
77%
uczyć się studiare
73%
przygotowywać preparare
70%
brać, łapać (np. autobus) prendere
67%
słyszeć, czuć sentire
55%
sprzątać, czyścić pulire
48%
wydawać (np. pieniądze) spendere
39%
przedstawiać presentare
38%
odpowiedzieć rispondere
38%
służyć servire
30%
poślubić sposare
30%
dostać ricevere
27%
mieć nadzieję sperare
27%
nosić portare
22%
schodzić scendere
22%
wydawać się sembrare
20%
zostać restare
19%
cierpieć soffrire
19%
wyjaśnić spiegare
17%
zastąpić sosituire
5%
Nie znaleziono quizów pasujących do podanych kryteriów
Rozkład punktacji
Procent ludzi z każdym wynikiem
Percentyl według liczby udzielonych odpowiedzi
Twoja historia wyników
Nie rozwiązałeś tego quizu